Visualizzazione normale
Vista MARC
- Vianney, Giovanni Maria,
di Personal Name
Records bibliografici associati: 1
001 - CONTROL NUMBER
- control field: 11
003 - CONTROL NUMBER IDENTIFIER
- control field: OSt
005 - DATE AND TIME OF LATEST TRANSACTION
- control field: 20121107163516.0
008 - FIXED-LENGTH DATA ELEMENTS
- fixed length control field: 121107|| aca||aabn | a|a d
040 ## - CATALOGING SOURCE
- Original cataloging agency: OSt
- Transcribing agency: OSt
100 ## - HEADING--PERSONAL NAME
- Personal name: Vianney, Giovanni Maria,
- Titles and other words associated with a name: santo,
- Dates associated with a name: 1786-1859
- Form subdivision: Biografia.
670 ## - SOURCE DATA FOUND
- Source citation: Work cat.: (OSt)0: Fourrey, René, vescovo di Belley, 1901-1982. 10, Vita autentica del curato d'Ars /, 2009.